000 00621nam a22001695i 4500
001 172432
003 ES-MaACL
005 20230906214919.0
008 090706s1915 ne |||| | fre d
245 0 0 _aNouvelles de Hollande
_b: La Haye, 1 Septembre 1915, nouvelle serie nº 9 /
_cNederlandsche Anti-Oorlog Raad.
260 _a[La Haye :
_bs.n.,
_c1915]
300 _a32 p. ;
_c24 cm.
594 _aEjemplar sin portada, datos tomados del principio del texto.
650 1 4 _aGuerra mundial, 1914-1918-
_xOpinión pública.
_913224
710 2 _aNederlandsche Anti-Oorlog Raad.
_9140962
852 _aES-MaACL
_jT-1472-F-7
999 _c172432
_d172432